LEADER 01366nam 2200433 450 001 9910829997203321 010 $a1-119-21651-6 010 $a1-119-21634-6 035 $a(CKB)4330000000009347 035 $a(MiAaPQ)EBC5092729 035 $a(PPN)23414632X 035 $a(EXLCZ)994330000000009347 100 $a20171107h20172017 uy 0 101 0 $aeng 135 $aurcnu|||||||| 181 $2rdacontent 182 $2rdamedia 183 $2rdacarrier 200 00$aDawn-dusk asymmetries in planetary plasma environments /$fStein Haaland, Andrei Runov, Colin Forsyth, editors 210 1$aHoboken, New Jersey :$cAGU :$cWiley,$d2017. 210 4$dİ2017 215 $a1 online resource (379 pages) $cillustrations (some color), graphs 225 1 $aGeophysical Monograph Series ;$v230 311 $a1-119-21632-X 320 $aIncludes bibliographical references at the end of each chapters and index. 410 0$aGeophysical monograph series ;$v230. 606 $aMagnetosphere 615 0$aMagnetosphere. 676 $a538.766 702 $aHaaland$b Stein 702 $aRunov$b Andrei 702 $aForsyth$b Colin 801 0$bMiAaPQ 801 1$bMiAaPQ 801 2$bMiAaPQ 906 $aBOOK 912 $a9910829997203321 996 $aDawn-dusk asymmetries in planetary plasma environments$94078890 997 $aUNINA LEADER 04503nam 22007455 450 001 9910298529503321 005 20200919141149.0 010 $a3-642-41440-0 024 7 $a10.1007/978-3-642-41440-4 035 $a(CKB)3710000000089189 035 $a(EBL)1697977 035 $a(OCoLC)881165945 035 $a(SSID)ssj0001155331 035 $a(PQKBManifestationID)11637458 035 $a(PQKBTitleCode)TC0001155331 035 $a(PQKBWorkID)11179952 035 $a(PQKB)11066285 035 $a(MiAaPQ)EBC1697977 035 $a(DE-He213)978-3-642-41440-4 035 $a(PPN)17674892X 035 $a(EXLCZ)993710000000089189 100 $a20140217d2014 u| 0 101 0 $aeng 135 $aur|n|---||||| 181 $ctxt 182 $cc 183 $acr 200 10$aCulture, Growth and Economic Policy /$fby Panagiotis E. Petrakis 205 $a1st ed. 2014. 210 1$aBerlin, Heidelberg :$cSpringer Berlin Heidelberg :$cImprint: Springer,$d2014. 215 $a1 online resource (233 p.) 300 $aDescription based upon print version of record. 311 $a3-642-41439-7 320 $aIncludes bibliographical references. 327 $aIntroduction -- The Foundations: Human Needs and Cultural Background -- Culture in Economic Thinking -- Cultural Background and Economic System -- The Effect of Cultural Background on Incentives, Growth and Distribution and Vice Versa -- Cultural Background and Rationality -- The Cultural Dimensions and the Cultural Background Change: Cultural Surveys -- Collectivism as an Air or Obstacle to Economic Growth -- Power Distance, Uncertainty, Time and Growth -- The Cultural Background Change -- Cultural Background, Growth and Policy: Economic Growth and Cultural Background -- Cultural Background, Transaction Costs and Economic Institutions -- The Effects of Culture, Transactions and Institutions on Opportunity Entrepreneurship -- The Effects of Cultural Background and Knowledge Creation on Self-Employment and Entry Density Rates -- Cultural Background Growth and Economic Policy. 330 $aIt is a wide-spread belief that the cultural background inhered in a society affects the requirements of economic development. This relationship requires theoretical and empirical justification. The present book provides this together with an analysis of the development of cultural background itself. Cultural background is embodied in political institutions, in transactions, knowledge, incentives, in social capital, even in the tangibles of the economy. Thus, economic development is shaped and the rate of growth is affected. Conversely, economic development affects cultural background. When this interaction takes place at a non-developmental cultural background level, which is associated with low growth rates, then a growth trap is formed. Within such a growth trap, economic policy (public and monetary) is relatively deactivated, and the conditions influencing the change in cultural background and its timing are of primary importance. 606 $aEconomic development 606 $aCultural studies 606 $aDevelopment economics 606 $aEconomics 606 $aEconomics 606 $aEconomic Growth$3https://scigraph.springernature.com/ontologies/product-market-codes/W44000 606 $aCultural Studies$3https://scigraph.springernature.com/ontologies/product-market-codes/X22040 606 $aDevelopment Economics$3https://scigraph.springernature.com/ontologies/product-market-codes/W42000 606 $aEconomic Theory/Quantitative Economics/Mathematical Methods$3https://scigraph.springernature.com/ontologies/product-market-codes/W29000 606 $aInternational Political Economy$3https://scigraph.springernature.com/ontologies/product-market-codes/912140 615 0$aEconomic development. 615 0$aCultural studies. 615 0$aDevelopment economics. 615 0$aEconomics. 615 0$aEconomics. 615 14$aEconomic Growth. 615 24$aCultural Studies. 615 24$aDevelopment Economics. 615 24$aEconomic Theory/Quantitative Economics/Mathematical Methods. 615 24$aInternational Political Economy. 676 $a306 676 $a306.3 676 $a330 676 $a330.1 700 $aPetrakis$b Panagiotis E$4aut$4http://id.loc.gov/vocabulary/relators/aut$0946337 906 $aBOOK 912 $a9910298529503321 996 $aCulture, Growth and Economic Policy$92530651 997 $aUNINA